Responses for show #4977 - Tuesday, April 11, 2006

Contestants

[<< previous game]

Dan Lee, a training officer from Las Vegas, Nevada

Kathy Lisiewicz, a project coordinator from Los Angeles, California

William Lee, a software engineer from South San Francisco, California (whose 2-day cash winnings total $62,500)

[next game >>]

Jeopardy! Round responses

CHURCHES & CATHEDRALS
SUPER BOWL MVPs
WE HAVE THE TECHNOLOGY
MR. SMITH GOES TO WASHINGTON
TAKE A HIKE
"BO" KNOWS
    $200 3
the Old North Church

Kathy
    $200 8
the Packers

Dan
    $200 1
Ford

Dan
    $200 19
New Jersey

Kathy
    $200 14
Mexico

Dan
    $200 24
bones

Dan
    $400 4
the Hagia Sophia

Dan
    $400 9
John Elway

William
    $400 2
(Dan: What is an ATM?)

online

KathyDan
    $400 20
Attorney General

Triple Stumper
    $400 15
(Dan: What's Canada?)

South Africa

Dan
Triple Stumper
    $400 25
boatman

Kathy
    $1,000 5
(Dan: What is Liberia?)

Wales

Dan
    $600 10
(Kathy: Who is Hines?)
(Alex: Be more... need more...)

Hines Ward

WilliamKathy
    $600 13
Niagara Falls

Kathy
    $600 21
Oregon

William
    $600 16
the Appalachian Trail

Kathy
    $600 26
the bolero

William
    $800 6
(William: Who is Ayn Rand?)

Aimee Semple McPherson

William
Triple Stumper
    $800 11
(William: Who are the Bills?)
(Dan: Who are the Bengals?)

the New York Giants

WilliamDan
Triple Stumper
    $800 22
the Rockman

Triple Stumper
    $800 29
Adam Smith

William
    $800 17
Switzerland

Kathy
    $800 27
a bolivar

Dan
    $1000 7
Peter & Paul

Triple Stumper
    $1000 12
the Dallas Cowboys

Triple Stumper
    $1000 23
paper

William
    $1000 30
Texas

Kathy
    $1000 18
Forest

Kathy
    $1000 28
the Boar's-Head

Triple Stumper

Scores at the first commercial break (after clue 13):

William Kathy Dan
-$600 $600 -$1,400

Scores at the end of the Jeopardy! Round:

William Kathy Dan
$2,400 $4,600 -$600

Double Jeopardy! Round responses

ROCKET MAN
CANDLE IN THE WIND
I'M STILL STANDIN'
(Alex: You have to tell us which literary character is still alive at the end of the work.)
CROCODILE ROCK
CIRCLE OF LIFE
(Alex: ...and in this category, each correct response will be made up of the letters in the word "circle".)
ELTON JOHN
    $400 1
(Dan: Who is John Glenn?)

Neil Armstrong

Dan
Triple Stumper
    $400 9
the wick

Kathy
    $400 4
Chief Bromden

William
    $400 16
Florida

Kathy
    $400 22
Circe

Dan
    $400 21
Marilyn Monroe

William
    $800 2
a lunar orbit

Dan
    $800 10
(Kathy: What is tallow?)

beeswax

Kathy
Triple Stumper
    $800 5
Agamemnon

Kathy
    $800 17
the heart

William
    $800 23
Rice

Dan
    $800 27
John Lennon

Dan
    $1200 3
a 10-foot pole

Kathy
    $1200 11
a votive

Dan
    $1200 6
Wiglaf

Kathy
    $1200 18
Steve Irwin

Triple Stumper
    $2,700 24
(Dan: God, not a clue.)

relic

Dan
    $1200 28
"Blue Eyes"

Kathy
    $2,500 14
Cuba

Dan
    $1600 12
(William: What is castor?)

paraffin

William
Triple Stumper
    $1600 7
Iago

Kathy
    $1600 19
Ancient Egypt

Kathy
    $1600 25
rile

Triple Stumper
    $1600 29
Stevie Wonder

William
    $2000 15
(Dan: What's the XYZ Prize?)

the X Prize

Dan
Triple Stumper
    $2000 13
a pillar

Dan
    $2000 8
Cosette

Kathy
    $2000 20
a mugger

Triple Stumper
    $2000 26
cleric

Triple Stumper
    $2000 30
"The Piano Player"

William

Scores at the end of the Double Jeopardy! Round:

William Kathy Dan
$6,000 $14,200 $2,800
(lock game)

[wagering suggestions for these scores]

Final Jeopardy! Round responses

THE EARLY 1900s
(Alex: Shen-Yang sounds Chinese, so you can eliminate China as one of the two nations. Let's see if you managed to pick up on that. We'll start with you, Dan. You had $2800 and you picked "What is the Russo-Japanese War?" And you gave us the right conflict, but not the two nations. You had to come up with [*]. Sorry about that.)
DanWhat is the Russo-Japanese War?
$2,500
WilliamWhat are Russia and Japan?
$300
KathyWhat are Russia + Japan?
$2,000
Russia & Japan

Final scores:

William Kathy Dan
$6,300 $16,200 $300
2nd place: $2,000 New champion: $16,200 3rd place: $1,000

Game dynamics:

Coryat scores:

William Kathy Dan
$6,000 $14,200 $5,600
11 R,
3 W
18 R,
2 W
13 R
(including 1 DD),
7 W
(including 2 DDs)

Combined Coryat: $25,800

The J! Archive is created by fans, for fans. The Jeopardy! game show and all elements thereof, including but not limited to copyright and trademark thereto, are the property of Jeopardy Productions, Inc. and are protected under law. This website is not affiliated with, sponsored by, or operated by Jeopardy Productions, Inc. Join the discussion at JBoard.tv.